[Event "FRA-ch op-C"]
[Site "Nimes"]
[Date "2009.08.18"]
[Round "7"]
[White "Baroudel, Hadrien"]
[Black "Germond, Thierry"]
[Result "1-0"]
[WhiteElo "1709"]
[BlackElo "1762"]
[PlyCount "121"]
[EventDate "2009.08.11"]
[EventType "swiss"]
[EventRounds "11"]
[EventCountry "FRA"]
[SourceTitle "EXT 2011"]
[Source "ChessBase"]
[SourceDate "2010.11.26"]
[SourceVersion "1"]
[SourceVersionDate "2010.11.26"]
[SourceQuality "1"]

1. e4 c5 2. Nc3 Nc6 3. g3 g6 4. Bg2 Bg7 5. d3 d6 6. Be3 e6 7. Qd2 Rb8 8. Nge2 Nge7 9. Bh6 0-0 10. h4 f6 11. 0-0 b5 12. Bxg7 Kxg7 13. a3 Nd4 14. Nxd4 cxd4 15. Ne2 e5 16. c3 dxc3 17. bxc3 Be6 18. f4 Qc8 19. a4 bxa4 20. Rxa4 Rb7 21. c4 Qb8 22. Ra2 Bg4 23. Nc3 Bd7 24. Rfa1 Bc6 25. Qe3 Nc8 26. Bh3 Bd7 27. Bxd7 Rxd7 28. Nb5 Rff7 29. Kh1 Qb6 30. Qd2 Rb7 31. Ra6 Qd8 32. Qf2 Qd7 33. Kh2 Qe7 34. Qb2 Kg8 35. Qa3 Rd7 36. Rc6 Rf8 37. Qa6 Qd8 38. Qa2 Kh8 39. Qc2 Rdf7 40. Qc3 Kg8 41. Qa5 exf4 42. Qxd8 Rxd8 43. gxf4 Re7 44. Kg3 f5 45. Kf3 Kg7 46. Re1 fxe4+ 47. dxe4 Red7 48. Nc7 Kf7 49. Nd5 Ne7 50. Ra6 Nxd5 51. cxd5 Rb8 52. Re3 Rb6 53. Rea3 Kf6 54. Rxa7 Rxa7 55. Rxa7 Rb3+ 56. Ke2 Rb2+ 57. Kd3 Rb3+ 58. Kc4 Rf3 59. Rd7 Rxf4 60. Rxd6+ Ke5 61. Re6# 1-0

[Event "FRA-ch op-C"]
[Site "Nimes"]
[Date "2009.08.16"]
[Round "6"]
[White "Germond, Thierry"]
[Black "Lancelot, Renaud"]
[Result "1-0"]
[WhiteElo "1762"]
[BlackElo "1710"]
[PlyCount "133"]
[EventDate "2009.08.11"]
[EventType "swiss"]
[EventRounds "11"]
[EventCountry "FRA"]
[SourceTitle "EXT 2011"]
[Source "ChessBase"]
[SourceDate "2010.11.26"]
[SourceVersion "1"]
[SourceVersionDate "2010.11.26"]
[SourceQuality "1"]

1. d4 d5 2. Nf3 c6 3. g3 Nf6 4. Bg2 Bf5 5. 0-0 e6 6. Nbd2 h6 7. c4 Nbd7 8. b3 Bd6 9. Bb2 Qc7 10. Rc1 Qa5 11. Bc3 Qxa2 12. Ra1 Qc2 13. Qxc2 Bxc2 14. Rfc1 Bh7 15. Ne5 0-0 16. b4 a6 17. f3 Rfd8 18. Nb3 Bc7 19. Bb2 Nxe5 20. dxe5 Nd7 21. cxd5 exd5 22. f4 Bb6+ 23. Kh1 Nf8 24. Nc5 Bxc5 25. bxc5 Ne6 26. e3 a5 27. Ra4 Bd3 28. h4 h5 29. Ra3 Bf5 30. Ra4 Ra7 31. Kh2 Bd3 32. Bf3 g6 33. Bd4 Bb5 34. Ra3 a4 35. Rg1 Kh7 36. Bd1 Rda8 37. g4 hxg4 38. Rxg4 Rh8 39. Kg3 Kg7 40. f5 Nxd4 41. exd4 Raa8 42. f6+ Kf8 43. Rg5 Rb8 44. Bg4 b6 45. e6 bxc5 46. dxc5 fxe6 47. Bxe6 Re8 48. Re3 Rxe6 49. Rxe6 Kf7 50. Rge5 d4 51. Rd6 Re8 52. Rxe8 Kxe8 53. Rxd4 Kf7 54. Rd6 a3 55. Rd7+ Kxf6 56. Ra7 Ke5 57. Rxa3 Kd4 58. Kf4 Kxc5 59. Rg3 Be2 60. Rxg6 Kb5 61. Ke3 Bd1 62. Kd2 Bf3 63. Kc3 Kc5 64. h5 Be4 65. Rg4 Bb1 66. h6 Kd6 67. Rg7 1-0

[Event "FRA-ch op-C"]
[Site "Nimes"]
[Date "2009.08.14"]
[Round "4"]
[White "Germond, Thierry"]
[Black "Malassagne, Jerome"]
[Result "0-1"]
[WhiteElo "1762"]
[BlackElo "1710"]
[PlyCount "122"]
[EventDate "2009.08.11"]
[EventType "swiss"]
[EventRounds "11"]
[EventCountry "FRA"]
[SourceTitle "EXT 2011"]
[Source "ChessBase"]
[SourceDate "2010.11.26"]
[SourceVersion "1"]
[SourceVersionDate "2010.11.26"]
[SourceQuality "1"]

1. d4 Nf6 2. c4 c5 3. Nf3 g6 4. g3 Bg7 5. Bg2 0-0 6. 0-0 cxd4 7. Nxd4 Nc6 8. Nc3 Nxd4 9. Qxd4 d6 10. Qd3 Nd7 11. b3 Ne5 12. Qc2 Rb8 13. Bb2 Bd7 14. Rad1 Qc8 15. Nd5 Re8 16. Ba3 Bf8 17. Qd2 Bh3 18. f4 Bxg2 19. Kxg2 Nd7 20. h3 Qc6 21. Kh2 Rbc8 22. Bb2 b6 23. f5 Ne5 24. Qf4 f6 25. fxg6 hxg6 26. h4 Bh6 27. Qe4 f5 28. Qd4 Bg7 29. Kh3 Qd7 30. Nf4 Kh7 31. Bc1 Rcd8 32. Qd2 Ng4 33. Kg2 Qc6+ 34. Kh3 Qd7 35. Kg2 Qc6+ 36. Kh3 Qe4 37. Nxg6 Kxg6 38. Qg5+ Kh7 39. Rxf5 Nf6 40. Bb2 Rf8 41. Rf4 Qxe2 42. Bxf6 Qe6+ 43. Rg4 Qxf6 44. Qh5+ Qh6 45. Qd5 Bf6 46. Qf5+ Kh8 47. Rd5 Be5 48. Qe4 Rg8 49. Rxg8+ Rxg8 50. Rd3 Qe6+ 51. g4 Qg6 52. Qf3 Kh7 53. Qe2 Qh6 54. Rf3 Rf8 55. Rxf8 Qxf8 56. Qc2+ Kg7 57. Qg2 Qf4 58. g5 Qe3+ 59. Kg4 Qf4+ 60. Kh3 Kg6 61. Qg1 Qf3+ 0-1

[Event "FRA-ch op-C"]
[Site "Nimes"]
[Date "2009.08.13"]
[Round "3"]
[White "Auvray, Honorine"]
[Black "Germond, Thierry"]
[Result "0-1"]
[WhiteElo "1703"]
[BlackElo "1762"]
[PlyCount "92"]
[EventDate "2009.08.11"]
[EventType "swiss"]
[EventRounds "11"]
[EventCountry "FRA"]
[SourceTitle "EXT 2011"]
[Source "ChessBase"]
[SourceDate "2010.11.26"]
[SourceVersion "1"]
[SourceVersionDate "2010.11.26"]
[SourceQuality "1"]

1. e4 c5 2. Nf3 d6 3. d4 cxd4 4. Nxd4 Nf6 5. Nc3 g6 6. f3 Bg7 7. Be3 0-0 8. Qd2 Nc6 9. Bc4 Bd7 10. 0-0-0 Qa5 11. Kb1 Rfc8 12. Bb3 Ne5 13. g4 Nc4 14. Bxc4 Rxc4 15. h4 Rac8 16. Nce2 Qxd2 17. Rxd2 b5 18. Nb3 Ra8 19. e5 dxe5 20. g5 Bc6 21. gxf6 Bxf3 22. fxe7 Rcc8 23. Rf1 Bg2 24. Rf2 Bh3 25. Bxa7 Re8 26. Bc5 f5 27. Nc3 Bf6 28. Rh2 Bg4 29. Nd5 Kf7 30. Nc7 Bxe7 31. Bxe7 Kxe7 32. Nxa8 Rxa8 33. Nc5 e4 34. c3 e3 35. Rde2 f4 36. Nd3 Bf5 37. Kc2 Rd8 38. Kb3 Bxd3 39. Re1 Kf6 40. a4 bxa4+ 41. Kxa4 Bf5 42. b4 Re8 43. b5 Re4+ 44. Ka5 Re5 45. Rb2 f3 46. Ka4 f2 0-1